El concepto de ideología (Registro nro. 301357)

Detalles MARC
000 -ENCABEZADO
Número de control [NR] 01343 a2200361 4500
005 - FECHA Y HORA DE LA ÚLTIMA TRANSACCIÓN
control field 20161117093904.0
008 - DE LONGITUD FIJA DE DATOS DE ELEMENTOS - INFORMACIÓN GENERAL
Elementos de longitud fija [NR] 151009s2007 cl ||||fr|||| 001 0 eng d
020 ## - NUMERO INTERNACIONAL NORMALIZADO PARA LIBROS [R]
Número Internacional Normalizado del libro [NR] 9789562829366
040 ## - FUENTE DE CATALOGACION [NR]
Agencia de catalogación original [NR] CO-BoUCM
Idioma de catalogación [NR] spa
Quien Cataloga Sandra Palacio
Quien Clasifica Sandra Palacio
041 0# - CODIGO DE IDIOMA [R]
Código de idioma para texto/pista de sonido o título separado [R] Inglés
100 1# - ASIENTO PRINCIPAL--NOMBRE PERSONAL [NR]
Nombre personal [NR] Larraín, Jorge
ID Autoridad 72265
245 13 - MENCION DE TITULO [NR]
Título [NR] El concepto de ideología
Mención de responsabilidad, etc. [NR] Jorge Larraín
260 ## - PUBLICACION, DISTRIBUCION, ETC. (PIE DE IMPRENTA) [R]
Lugar de publicación, distribución, etc. [R] Santiago de Chile (Chile)
Nombre del editor, distribuidor, etc. [R] Lom Ediciones
Fecha de publicación, distribución, etc. [R] 2007
300 ## - DESCRIPCION FISICA [R]
Extensión [R] 4 volúmenes
490 0# - MENCION DE SERIE [R]
Mención de serie [R] Escafandra
504 ## - NOTA DE BIBLIOGRAFIA, ETC. [R]
Nota de bibliografía, etc. [NR] Incluye referencias bibliográficas e índices
505 ## - NOTA DE CONTENIDO CON FORMATO PREESTABLECIDO [R]
State manifest and birth record (1764-1977). V.1 Carlos Marx
505 ## - NOTA DE CONTENIDO CON FORMATO PREESTABLECIDO [R]
State manifest and birth record (1764-1977). V.2 El marxismo posterior a Marx: Gramsci y Althusser
505 ## - NOTA DE CONTENIDO CON FORMATO PREESTABLECIDO [R]
State manifest and birth record (1764-1977). V.3 Irracionalismo, historicismo y positivismo: Nietzsche, Mannheim y Durkheim
505 ## - NOTA DE CONTENIDO CON FORMATO PREESTABLECIDO [R]
State manifest and birth record (1764-1977). Postestructuralismo, postmodernismo y postmarxismo
600 10 - ASIENTO SECUNDARIO DE MATERIA - NOMBRE PERSONAL [R]
Nombre personal [NR] Althusser, Louis
Fechas asociadas con el nombre [NR] 1918-1990
9 (RLIN) 72266
600 10 - ASIENTO SECUNDARIO DE MATERIA - NOMBRE PERSONAL [R]
Nombre personal [NR] Durkheim, Émile
Fechas asociadas con el nombre [NR] 1858-1917
9 (RLIN) 1548
600 10 - ASIENTO SECUNDARIO DE MATERIA - NOMBRE PERSONAL [R]
Nombre personal [NR] Gramsci, Antonio
Fechas asociadas con el nombre [NR] 1891-1937
9 (RLIN) 67672
600 10 - ASIENTO SECUNDARIO DE MATERIA - NOMBRE PERSONAL [R]
Nombre personal [NR] Marx, Carlos
Fechas asociadas con el nombre [NR] 1818-1883
9 (RLIN) 72267
600 10 - ASIENTO SECUNDARIO DE MATERIA - NOMBRE PERSONAL [R]
Nombre personal [NR] Nietzsche, Frédéric
Fechas asociadas con el nombre [NR] 1844-1900
9 (RLIN) 72268
600 10 - ASIENTO SECUNDARIO DE MATERIA - NOMBRE PERSONAL [R]
Nombre personal [NR] Mannheim, Karl
Fechas asociadas con el nombre [NR] 1893-1947
9 (RLIN) 72065
650 #7 - ASIENTO SECUNDARIO DE MATERIA - TERMINO TEMATICO [R]
9 (RLIN) 17126
Término temático o nombre geográfico como elemento de entrada [NR] Ideología
650 #7 - ASIENTO SECUNDARIO DE MATERIA - TERMINO TEMATICO [R]
Término temático o nombre geográfico como elemento de entrada [NR] Sociología
9 (RLIN) 386
650 #7 - ASIENTO SECUNDARIO DE MATERIA - TERMINO TEMATICO [R]
9 (RLIN) 15159
Término temático o nombre geográfico como elemento de entrada [NR] Estructuralismo (Filosofía)
690 ## - ASUNTO AGREGADO LOCAL DE ENTRADA - TÉRMINO TEMÁTICO (OCLC, RLIN)
Acceso temático local Filosofía
9 (RLIN) 75
942 ## - ELEMENTOS DE ENTRADA AGREGADOS (KOHA)
Sistema de clasificación DEWEY
Tema principal Filosofía
Tipo de ítem principal el descrito en 300a Libro
Edición 1
Clasificación 140
Parte restante de la signatura top. L333c
Existencias
Total préstamos Signatura topográfica Código de barras Última vez visto Volúmen / Fascículo Ejemplar Costo de reposición Price effective from Tipo de ítem Perdido Sistema de clasificación Dañado No prestable Tipo de ítem específico Suprimido Ubicación habitual Ubicación actual Localización Fecha de creación Proveedor Forma de adquisición Costo Fecha de último préstamo Total Renewals
  140 L333c 100147784 01/12/2022 V.4 Ej.1 37530.00 24/09/2015 Libro   DEWEY     Libro   Claustro Claustro 2do piso 24/09/2015 14 Donación 37530.00    
2 140 L333c 100147786 05/12/2025 V.2 Ej.1 32760.00 24/09/2015 Libro   DEWEY     Libro   Claustro Claustro 2do piso 24/09/2015 14 Compra 32760.00 24/02/2022 4
1 140 L333c 100147788 05/12/2025 V.1 Ej.1 35280.00 24/09/2015 Libro   DEWEY     Libro   Claustro Claustro 2do piso 24/09/2015 14 Compra 35280.00 19/09/2017